The history of Tom Jones
Guardat en:
| Autor principal: | |
|---|---|
| Format: | Llibre |
| Idioma: | anglès |
| Publicat: |
Londres
Penguin Books
1994
|
| Col·lecció: | Penguin Popular Classics
|
| Matèries: | |
| Etiquetes: |
Afegir etiqueta
Sense etiquetes, Sigues el primer a etiquetar aquest registre!
|
MARC
| LEADER | 00000nam a2200000 a 4500 | ||
|---|---|---|---|
| 001 | UCO5867 | ||
| 003 | CL-VaPUC | ||
| 008 | 000915e19940000UK |||||||||||||||||eng|d | ||
| 082 | 0 | 4 | |a 823 |b FIE |2 21 |
| 100 | 0 | |a Fielding, Henry |e author |9 321128 | |
| 245 | 1 | 4 | |a The history of Tom Jones |
| 300 | |a 854 p | ||
| 942 | |c BK | ||
| 945 | |d 20000915 00:00:00 |a cmena | ||
| 260 | |a Londres |b Penguin Books |c 1994 | ||
| 650 | 0 | |a Novelas inglesas |9 265220 | |
| 650 | 0 | |a Literatura inglesa |9 312907 | |
| 583 | |a last modification |c 20000915 00:00:00 |k Rodrigo Vera | ||
| 490 | 0 | |a Penguin Popular Classics | |
| 999 | |c 291694 |d 291692 | ||
| 952 | |0 0 |1 0 |4 0 |6 823_000000000000000_FIE_1994 |7 0 |8 A |9 341823 |a BIBEDU |b BIBEDU |d 2019-11-20 |i 3651479 |o 823 FIE 1994 |p 3651479 |r 2019-11-20 |w 2019-11-20 |y BK |k LIT | ||